| 000 | 00514nam a22001817a 4500 | ||
|---|---|---|---|
| 008 | 150612b xxu||||| |||| 00| 0 eng d | ||
| 020 | _a0810920492 | ||
| 041 | 0 | _aeng | |
| 080 | _a76 | ||
| 100 |
_aRockwell, Norman, _d1894-1978. |
||
| 245 | 0 | 0 |
_aNorman Rockwell: _cWith text by Thomas S. Buechner. |
| 260 |
_aNew York, _bAbrams _c[1972] |
||
| 300 |
_a157 f. : _bme il. : _c30 cm. |
||
| 650 | 0 | _aModern art | |
| 650 | 0 | _aArti modern | |
| 700 | 1 | _aBuechner, Thomas S. | |
| 942 |
_2udc _cBK |
||
| 999 |
_c1043 _d1043 |
||